| 000 | 00890cab a2200217 4500 | ||
|---|---|---|---|
| 001 | ABS54375 | ||
| 008 | 090401t1996 xxu||||| |||| 00| 0 eng d | ||
| 035 | _a(Sirsi) u10027 | ||
| 041 | _aeng | ||
| 245 | _aWandsworth LBC v Attwell and another | ||
| 260 | _c1996 | ||
| 350 | _a0 | ||
| 490 |
_aEstates Gazette _v1996 01 EG 100-102(3) |
||
| 520 | _aCA 7 April 1995. Overturned the CC`s decision granting landlord (W) possession on the grounds that the service of a notice to quit under the Law of Property Act 1925 s196(5) as invalid as the tenancy agreement did not require such a notice. Appeal allowed. | ||
| 650 | _aLAW OF PROPERTY ACT 1925 S196(5) | ||
| 650 | _aNOTICE TO QUIT | ||
| 650 | _aPROPERTY-RESIDENTIAL PROPERTY-RESIDENTIAL LANDLORD AND TENANT-RESIDENTIAL TENANCIES | ||
| 690 | _aLANDLORD AND TENANT-CASE LAW-RESIDENTIAL TENANCIES | ||
| 942 | _n0 | ||
| 948 | _c04/03/1997 | ||
| 999 |
_c6301 _d6301 |
||